Quiz o Tajwanie - Statystyki

Ogólne statystyki
  • Ten quiz został rozwiązany 1 017 razy
  • Średni wynik to 10 z 17
Statystyki odpowiedzi
Wskazówka Odpowiedź % Poprawnych
Stolica Tajpej
96%
Kraj, który okupował Tajwan w latach 1895–1945 Japonia
91%
Najpowszechniejsza religia (z wyłączeniem religii ludowych) Buddyzm
87%
Międzynarodowa instytucja, która wyrzuciła Tajwan w 1971 roku Organizacja Narodów Zjednoczonych
86%
Płyniesz na południe od Tajwanu. Jakie jest pierwsze państwo, do którego dotrzesz? Filipiny
82%
Obiekt przedstawiony na fladze Tajwanu Słońce
73%
Oficjalna nazwa Tajwanu Republika Chińska
56%
Rodzaj "herbaty”, która często zawiera kulki tapioki {Bubble} Tea
55%
Pseudonim tętniących życiem gospodarek Tajwanu, Hongkongu, Singapuru i Korei Południowej Azjatyckie {Tygrysy}
54%
Najpopularniejszy sport Baseball
51%
Najwyższy budynek świata 2004–2010 (wskazówka: jego nazwa składa się ze stolicy i numeru) Taipei 101
48%
Cieśnina dzieląca Chiny i Tajwan Cieśnina {Tajwańska}
45%
Waluta Tajwanu Nowy dolar tajwański
45%
Dawna nazwa wyspy Tajwan Formosa
33%
Generalissimus, który założył Tajwan po ucieczce z kontynentu w 1949 roku Czang Kaj-Szek
32%
Najwyższa góra {Yù} Shān
24%
Tajwańska firma produkująca iPhone'y w Chinach {Fox}conn
18%
Nie znaleziono quizów pasujących do podanych kryteriów
Rozkład punktacji
Procent ludzi z każdym wynikiem
Percentyl według liczby udzielonych odpowiedzi
Twoja historia wyników
Nie rozwiązałeś tego quizu